书目信息 |
| 题名: |
晚清变革密码
|
|
| 作者: | 黄治军 著 | |
| 分册: | ||
| 出版信息: | 北京 华文出版社 2019 |
|
| 页数: | 306页 | |
| 开本: | 24cm | |
| 丛书名: | ||
| 单 册: | ||
| 中图分类: | D691.21 | |
| 科图分类: | ||
| 主题词: | 政治体制改革--Zheng Zhi Ti Zhi Gai Ge--研究--中国--清后期 | |
| 电子资源: | ||
| ISBN: | 978-7-5075-4945-4 | |
| 000 | 01510nam0 2200265 450 | |
| 001 | 012001008716 | |
| 005 | 20140102094446.0 | |
| 010 | @a978-7-5075-4945-4@dCNY52.00 | |
| 099 | @aCAL 012019032261 | |
| 100 | @a20190324d2019 em y0chiy50 ea | |
| 101 | 0 | @achi |
| 102 | @aCN@b110000 | |
| 105 | @ay z 000yy | |
| 106 | @ar | |
| 200 | 1 | @a晚清变革密码@AWan Qing Bian Ge Mi Ma@e从大变局到大败局@f黄治军著 |
| 210 | @a北京@c华文出版社@d2019 | |
| 215 | @a306页@d24cm | |
| 330 | @a1894至1911年晚清的最后十八年间,清政府进行了史无前例的密集改革,几乎尝试了当时所能进行的所有改革方式,其改革之密集,力度之空前,规模之宏大,政策之颠覆,为中国2000多年皇朝社会所未有,本为扭转大清急转直下的国运,最后却成末世之光,可以说,晚清的这场改革至今对人们仍有思考意义:甲午惨败后势在必行的戊戌变法,却以光绪皇帝在宫廷权斗中不敌慈禧太后,六君子血洒菜市口收场;八国联军攻陷北京和爆发在大清土地上的日俄战争之后,危亡之际,统治阶层不得不主动寻求改革,随着清末新政步步推进,改革进入了快车道:振兴商务、废除科举、兴办西学、改革官制、修订新律,乃至推行宪政,组建内阁,却依然无法扭转大清急转直下的国运,依然无法阻止改革陷入了无尽的利益算计和权力斗争的困境,依然没有阻止大清社会崩溃的步伐。 | |
| 333 | @a政治体制改革研究者 | |
| 517 | 1 | @a从大变局到大败局@ACong Da Bian Ju Dao Da Bai Ju@9cong da bian ju dao da bai ju |
| 606 | 0 | @a政治体制改革@AZheng Zhi Ti Zhi Gai Ge@x研究@y中国@z清后期 |
| 690 | @aD691.21@v5 | |
| 701 | 0 | @a黄治军@AHuang Zhijun@4著 |
| 801 | 0 | @aCN@b上海新华@c20191020 |
| 905 | @b1185552-5@dD691.21@e281@f4 | |
| 晚清变革密码:从大变局到大败局/黄治军著.-北京:华文出版社,2019 |
| 306页;24cm |
| 使用对象:政治体制改革研究者 |
| ISBN 978-7-5075-4945-4:CNY52.00 |
| 1894至1911年晚清的最后十八年间,清政府进行了史无前例的密集改革,几乎尝试了当时所能进行的所有改革方式,其改革之密集,力度之空前,规模之宏大,政策之颠覆,为中国2000多年皇朝社会所未有,本为扭转大清急转直下的国运,最后却成末世之光,可以说,晚清的这场改革至今对人们仍有思考意义:甲午惨败后势在必行的戊戌变法,却以光绪皇帝在宫廷权斗中不敌慈禧太后,六君子血洒菜市口收场;八国联军攻陷北京和爆发在大清土地上的日俄战争之后,危亡之际,统治阶层不得不主动寻求改革,随着清末新政步步推进,改革进入了快车道:振兴商务、废除科举、兴办西学、改革官制、修订新律,乃至推行宪政,组建内阁,却依然无法扭转大清急转直下的国运,依然无法阻止改革陷入了无尽的利益算计和权力斗争的困境,依然没有阻止大清社会崩溃的步伐。 |
| ● |
| 相关链接 |
|
|
|
|
正题名:晚清变革密码
索取号:D691.21/281
 
预约/预借
| 序号 | 登录号 | 条形码 | 馆藏地/架位号 | 状态 | 备注 |
| 1 | 1185552 | 211855526 | 第一样本阅览室/ [索取号:D691.21/281] | 在馆 | |
| 2 | 1185553 | 211855535 | 第一借阅区/ [索取号:D691.21/281] | 在馆 | |
| 3 | 1185554 | 211855544 | 第一借阅区/ [索取号:D691.21/281] | 在馆 | |
| 4 | 1185555 | 211855553 | 第一借阅区/ [索取号:D691.21/281] | 在馆 |